[Event "Robecchetto op-B 24th"]
[Site "Robecchetto"]
[Date "2013.12.30"]
[Round "6"]
[White "Mantovani, Enrico"]
[Black "Biancotti, Alessandro"]
[Result "0-1"]
[WhiteElo "1828"]
[BlackElo "1872"]
[PlyCount "74"]
[EventDate "2013.12.27"]
[EventType "swiss"]
[EventRounds "6"]
[EventCountry "ITA"]
[SourceTitle "EXT 2015"]
[Source "ChessBase"]
[SourceDate "2014.11.20"]
[SourceVersion "1"]
[SourceVersionDate "2014.11.20"]
[SourceQuality "1"]

1. Nf3 c5 2. d4 cxd4 3. Nxd4 Nf6 4. c4 Nc6 5. e3 g6 6. Be2 Bg7 7. 0-0 d6 8. Nc3 0-0 9. a3 Bd7 10. Bd2 Rc8 11. Rc1 Nxd4 12. exd4 Qb6 13. b4 Qxd4 14. Qc2 a6 15. Be3 Qe5 16. Qd2 Ng4 17. Bf4 Bh6 18. Bxe5 Bxd2 19. Rcd1 Nxe5 20. Rxd2 Nxc4 21. Bxc4 Rxc4 22. Nd5 Re8 23. Re1 Be6 24. Nb6 Rc3 25. a4 a5 26. bxa5 Rc5 27. h3 Rxa5 28. Rb2 Rc5 29. Rb4 Rd8 30. Rd4 d5 31. Kh2 Rd6 32. Rb4 d4 33. Rd1 d3 34. Kg3 Rc3 35. f3 d2 36. a5 Rc1 37. Rb1 Rxd1 0-1

[Event "Giovanni Pico Cup 5th"]
[Site "Mirandola"]
[Date "2012.01.14"]
[Round "2"]
[White "Gualtieri, Primo"]
[Black "Mantovani, Enrico"]
[Result "1/2-1/2"]
[WhiteElo "1629"]
[BlackElo "1810"]
[PlyCount "56"]
[EventDate "2012.01.13"]
[EventType "swiss"]
[EventRounds "5"]
[EventCountry "ITA"]
[SourceTitle "EXT 2023"]
[Source "ChessBase"]
[SourceDate "2022.10.05"]
[SourceVersion "1"]
[SourceVersionDate "2022.10.05"]
[SourceQuality "1"]

1. d4 Nf6 2. Nf3 e6 3. Bf4 c5 4. e3 d5 5. Nbd2 Bd6 6. Ne5 a6 7. c3 0-0 8. Bd3 Qc7 9. Ndf3 Nbd7 10. 0-0 Re8 11. g4 b6 12. g5 Nh5 13. Kh1 g6 14. Rg1 Bb7 15. Nxd7 Bxf4 16. Nfe5 Bc6 17. Be2 Bxd7 18. Nxd7 Qxd7 19. Bxh5 Bd6 20. Bg4 Rac8 21. Qf3 cxd4 22. exd4 b5 23. Qxd5 Qc7 24. Qf3 Bxh2 25. Rg2 Bd6 26. Qe3 Qa5 27. d5 e5 28. Bxc8 Rxc8 1/2-1/2

[Event "Codogno op 3rd B"]
[Site "Codogno"]
[Date "2011.10.15"]
[Round "3"]
[White "Losi, Paolo"]
[Black "Mantovani, Enrico"]
[Result "0-1"]
[WhiteElo "1730"]
[BlackElo "1758"]
[PlyCount "102"]
[EventDate "2011.10.14"]
[EventType "swiss"]
[EventRounds "5"]
[EventCountry "ITA"]
[SourceTitle "EXT 2024"]
[Source "ChessBase"]
[SourceDate "2023.10.10"]
[SourceVersion "1"]
[SourceVersionDate "2023.10.10"]
[SourceQuality "1"]

1. d4 Nf6 2. Nf3 e6 3. c4 c5 4. d5 exd5 5. cxd5 d6 6. Nc3 g6 7. Bg5 h6 8. Bh4 g5 9. Bg3 a6 10. Qc2 b5 11. a3 Bg7 12. Nd2 Bb7 13. e4 Nh5 14. Be2 Nf4 15. Bf3 h5 16. Bxf4 gxf4 17. Ne2 Be5 18. Rb1 Nd7 19. Nb3 a5 20. Qd2 a4 21. Nbc1 Nb6 22. 0-0 Nc4 23. Qc2 Qg5 24. Nd3 h4 25. Nxe5 Nxe5 26. Kh1 h3 27. Rg1 Qh4 28. g3 Qh6 29. Nxf4 Nxf3 30. Rgd1 Nd4 31. Qd3 Ba6 32. Qe3 Qf6 33. Qc3 Qe5 34. Qe3 Bc8 35. Rd2 Bg4 36. Nd3 Qf6 37. f4 Nb3 38. Rf2 Qd4 39. Qxd4 Nxd4 40. e5 Kd7 41. Re1 Bf3+ 42. Kg1 Bxd5 43. exd6 Nf3+ 44. Rxf3 Bxf3 45. Ne5+ Kxd6 46. Nxf3 f6 47. Nh4 Rhe8 48. Nf5+ Kc6 49. Rc1 Rad8 50. Rc2 Rd5 51. Ng7 Re7 0-1

[Event "Codogno op 3rd B"]
[Site "Codogno"]
[Date "2011.10.15"]
[Round "4"]
[White "Mantovani, Enrico"]
[Black "Cervini, Ernesto"]
[Result "1-0"]
[WhiteElo "1758"]
[BlackElo "1776"]
[PlyCount "113"]
[EventDate "2011.10.14"]
[EventType "swiss"]
[EventRounds "5"]
[EventCountry "ITA"]
[SourceTitle "EXT 2024"]
[Source "ChessBase"]
[SourceDate "2023.10.10"]
[SourceVersion "1"]
[SourceVersionDate "2023.10.10"]
[SourceQuality "1"]

1. d4 d5 2. c4 c6 3. Nf3 e6 4. Nbd2 Bd6 5. e4 Bc7 6. Bd3 dxe4 7. Nxe4 h6 8. 0-0 Nd7 9. Re1 Ngf6 10. Nxf6+ Nxf6 11. b3 Ba5 12. Bd2 Bxd2 13. Qxd2 0-0 14. Bc2 Qc7 15. Rad1 Rd8 16. Qe3 b6 17. Qe5 Qxe5 18. dxe5 Nd7 19. Rd6 c5 20. Be4 Rb8 21. Red1 Kf8 22. Bc6 Ke7 23. Nh4 a6 24. f4 b5 25. f5 Nxe5 26. Rxd8 Nxc6 27. Rg8 exf5 28. Nxf5+ Bxf5 29. Rxb8 Nxb8 30. Rd5 bxc4 31. Rxf5 cxb3 32. axb3 Nd7 33. Kf2 Ke6 34. Rf4 f5 35. Ra4 Ne5 36. Rxa6+ Kd5 37. Ra5 g5 38. Ke2 f4 39. h3 h5 40. Ra8 g4 41. Rh8 gxh3 42. gxh3 Kd4 43. Rxh5 Nd3 44. Rd5+ Kxd5 45. Kxd3 Ke5 46. h4 Kf5 47. h5 f3 48. h6 Kg6 49. Ke3 f2 50. Kxf2 Kxh6 51. Ke3 Kg7 52. Ke4 Kf7 53. Kd5 Ke8 54. Kxc5 Kd8 55. Kb6 Kc8 56. b4 Kb8 57. b5 1-0

[Event "Porto San Giorgio op 23rd"]
[Site "Porto San Giorgio"]
[Date "2011.08.26"]
[Round "7"]
[White "Dietrich, Stefano"]
[Black "Mantovani, Enrico"]
[Result "1/2-1/2"]
[WhiteElo "1857"]
[BlackElo "1758"]
[PlyCount "98"]
[EventDate "2011.08.21"]
[EventType "swiss"]
[EventRounds "9"]
[EventCountry "ITA"]
[SourceTitle "CBM 144 Extra"]
[Source "ChessBase"]
[SourceDate "2011.10.28"]
[SourceVersion "1"]
[SourceVersionDate "2011.10.28"]
[SourceQuality "1"]

1. Nf3 c6 2. c4 d5 3. b3 Nf6 4. Bb2 Nbd7 5. g3 e6 6. Bg2 Be7 7. 0-0 0-0 8. d3 b6 9. cxd5 cxd5 10. Qd2 Bb7 11. Na3 Rc8 12. Rac1 Nc5 13. Nb5 a6 14. Nbd4 b5 15. Ne5 Qb6 16. Ndf3 b4 17. Bd4 Qb5 18. Qb2 h6 19. Rc2 a5 20. Rfc1 Rfd8 21. Qa1 Na6 22. e3 Rxc2 23. Rxc2 Rc8 24. Rxc8+ Bxc8 25. Qc1 Bb7 26. Ba7 Bc5 27. Bxc5 Qxc5 28. Qxc5 Nxc5 29. Nd4 a4 30. bxa4 Nxa4 31. Nec6 Bxc6 32. Nxc6 b3 33. axb3 Nc5 34. b4 Nxd3 35. Bf1 Nb2 36. Bb5 Nc4 37. Ne7+ Kf8 38. Nc8 Ne8 39. Kf1 Ncd6 40. Nxd6 Nxd6 41. Ba4 Ke7 42. f3 Nc4 43. Ke2 Kd6 44. Be8 f6 45. Kd3 d4 46. h4 g5 47. Bb5 Nb6 48. f4 Nc8 49. fxg5 fxg5 1/2-1/2

[Event "Porto San Giorgio op 23rd"]
[Site "Porto San Giorgio"]
[Date "2011.08.25"]
[Round "6"]
[White "Luzi, Alessandro"]
[Black "Mantovani, Enrico"]
[Result "1-0"]
[WhiteElo "1920"]
[BlackElo "1758"]
[PlyCount "77"]
[EventDate "2011.08.21"]
[EventType "swiss"]
[EventRounds "9"]
[EventCountry "ITA"]
[SourceTitle "CBM 144 Extra"]
[Source "ChessBase"]
[SourceDate "2011.10.28"]
[SourceVersion "1"]
[SourceVersionDate "2011.10.28"]
[SourceQuality "1"]

1. e4 c6 2. d4 d5 3. e5 Bf5 4. h4 Qb6 5. g4 Bd7 6. Bd3 e6 7. Nf3 c5 8. c3 Nc6 9. dxc5 Bxc5 10. 0-0 Nh6 11. b4 Be7 12. b5 Na5 13. g5 Ng8 14. Be3 Bc5 15. Nd4 g6 16. Nd2 Ne7 17. N2b3 Nxb3 18. axb3 Nf5 19. Bxf5 gxf5 20. b4 Bxd4 21. Bxd4 Qxb5 22. Ra5 Qc4 23. Qh5 Bb5 24. Rfa1 a6 25. Qh6 Kd7 26. Qh5 Ke7 27. Bc5+ Ke8 28. g6 fxg6 29. Qg5 Kd7 30. Qe7+ Kc8 31. Qxe6+ Bd7 32. Qf6 Re8 33. Bd4 Qe2 34. Rc5+ Bc6 35. Rxc6+ bxc6 36. Qxc6+ Kd8 37. Bb6+ Ke7 38. Qf6+ Kd7 39. Qd6+ 1-0

[Event "Modena Province-ch 11"]
[Site "Modena"]
[Date "2010.12.11"]
[Round "4"]
[White "Mantovani, Enrico"]
[Black "Faglioni, Isacco"]
[Result "0-1"]
[WhiteElo "1745"]
[BlackElo "1476"]
[PlyCount "106"]
[EventDate "2010.12.10"]
[EventType "swiss"]
[EventRounds "5"]
[EventCountry "ITA"]
[SourceTitle "EXT 2024"]
[Source "ChessBase"]
[SourceDate "2023.10.10"]
[SourceVersion "1"]
[SourceVersionDate "2023.10.10"]
[SourceQuality "1"]

1. d4 d5 2. c4 c6 3. Nf3 Nf6 4. Nbd2 Bf5 5. e3 e6 6. Be2 Nbd7 7. 0-0 c5 8. cxd5 exd5 9. b3 Bd6 10. Bb2 0-0 11. Ne5 Qc7 12. Ndf3 Rfe8 13. Rc1 Nxe5 14. dxe5 Bxe5 15. Nxe5 Rxe5 16. Bxe5 Qxe5 17. Rxc5 g6 18. Qa1 Qe6 19. Rfc1 Rd8 20. Qd4 Ne4 21. Rc7 Ng5 22. g4 Be4 23. Kf1 Bf3 24. h4 Bxe2+ 25. Kxe2 Ne4 26. f3 Nf6 27. Rh1 Qa6+ 28. Kf2 Qxa2+ 29. Kg3 Qa6 30. Qe5 h5 31. g5 Ne8 32. Re7 Nd6 33. Kh3 Qc6 34. Qb2 Nf5 35. Re5 Qd7 36. Kg2 Re8 37. e4 Rxe5 38. Qxe5 dxe4 39. Qxe4 Qd2+ 40. Kh3 Qf2 41. Qf4 Ne3 42. Qg3 Qb2 43. Re1 Nf5 44. Re8+ Kg7 45. Qb8 Kh7 46. Qxb7 Nd6 47. Qd5 Nxe8 48. Qxf7+ Ng7 49. Qd5 Qf2 50. Qf7 Qf1+ 51. Kg3 Qa6 52. Qd7 Qd6+ 53. Qxd6 Nf5+ 0-1

[Event "Codogno op 2nd"]
[Site "Codogno"]
[Date "2010.09.24"]
[Round "1"]
[White "Mantovani, Enrico"]
[Black "De Santis, Alessio"]
[Result "0-1"]
[WhiteElo "1806"]
[BlackElo "2305"]
[PlyCount "80"]
[EventDate "2010.09.24"]
[EventType "swiss"]
[EventRounds "5"]
[EventCountry "ITA"]
[SourceTitle "CBM 138 Extra"]
[Source "ChessBase"]
[SourceDate "2010.10.29"]
[SourceVersion "1"]
[SourceVersionDate "2010.10.29"]
[SourceQuality "1"]

1. d4 b6 2. Nf3 Bb7 3. c4 e6 4. Nbd2 f5 5. e3 Nf6 6. Be2 Bb4 7. a3 Bxd2+ 8. Bxd2 Ne4 9. Rc1 0-0 10. c5 g5 11. cxb6 axb6 12. Bb4 Rf7 13. Qc2 Nc6 14. Bc3 Ne7 15. Ne5 Rg7 16. f3 Nxc3 17. Qxc3 Nd5 18. Qd2 f4 19. e4 Ne3 20. Kf2 g4 21. g3 gxf3 22. Bxf3 d6 23. gxf4 dxe5 24. Kxe3 exf4+ 25. Ke2 Ra4 26. Rcd1 Qh4 27. Rdg1 Ba6+ 28. Kd1 Qf6 29. e5 Qd8 30. Rxg7+ Kxg7 31. Qg2+ Kh8 32. d5 Rd4+ 33. Kc1 Bd3 34. b3 exd5 35. Rg1 Qf8 36. Kb2 Bg6 37. h4 Qf5 38. h5 Qxe5 39. Ka2 Qe3 40. Qh3 Rd2+ 0-1

[Event "SEMI B016 email"]
[Site "SEMI email"]
[Date "2000.12.20"]
[Round "?"]
[White "Mantovani, Enrico"]
[Black "Beninsky, Svejen"]
[Result "1/2-1/2"]
[WhiteElo "1600"]
[BlackElo "1790"]
[PlyCount "76"]
[EventDate "2000.12.20"]
[EventType "tourn (corr)"]
[EventRounds "6"]
[EventCountry "ITA"]
[SourceTitle "Corr 2008"]
[Source "ChessBase"]
[SourceDate "2008.06.24"]
[SourceVersion "1"]
[SourceVersionDate "2008.06.24"]
[SourceQuality "1"]

1. Nf3 Nf6 2. c4 e6 3. d4 b6 4. g3 Ba6 5. Qc2 c5 6. Bg2 Nc6 7. dxc5 Bxc5 8. 0-0 Rc8 9. Qa4 Bb7 10. Nc3 0-0 11. Rd1 h6 12. Bf4 Qe7 13. Ne5 g5 14. Nxc6 Bxc6 15. Bxc6 dxc6 16. Bd2 Rfd8 17. Be1 Qc7 18. Qc2 Qe5 19. Na4 Be7 20. b3 b5 21. Nb2 Qe4 22. Rxd8+ Rxd8 23. Rc1 Qxc2 24. Rxc2 b4 25. f3 a5 26. Bf2 Nd7 27. Rd2 Kf8 28. c5 Ke8 29. Nc4 a4 30. Nd6+ Bxd6 31. cxd6 c5 32. bxa4 Ra8 33. Rc2 f6 34. Rc1 Rxa4 35. Bxc5 Nxc5 36. Rxc5 Kd7 37. Rc2 Kxd6 38. Kf2 h5 1/2-1/2